000 00238nam a2200097Ia 4500
005 20251222114407.0
008 251222s1900||||xx |||||||||||||| ||spa||
082 _aDVD0070/K87/1999
245 0 _aOjos bien cerrados:Eyes Wide Shut
942 _cDVD
999 _c1872
_d1872